Fernand Léger

Αποθηκεύτηκε σε:
Λεπτομέρειες βιβλιογραφικής εγγραφής
Μορφή: Βιβλίο
Γλώσσα:Ισπανικά
Έκδοση: Barcelona Polígrafa 1995
Έκδοση:1a. ed
Θέματα:
Ετικέτες: Προσθήκη ετικέτας
Δεν υπάρχουν, Καταχωρήστε ετικέτα πρώτοι!

MARC

LEADER 00000cam a2200000 a 4500
001 UCE6927
003 CL-VaPUC
008 150514e19950000sp |||||||||||||||||spa|d
020 |a 843430774X 
082 0 4 |a 759.4  |b FER  |2 21 
245 1 0 |a Fernand Léger 
250 |a 1a. ed 
300 |a 70 p 
942 |c BK 
945 |d 20150514 13:01:00  |a arojas 
260 |a Barcelona  |b Polígrafa  |c 1995 
600 0 |a Léger, Fernand   |d 1881-1955  |9 266167 
650 0 |a Pintores franceses   |9 340354 
650 0 |a Pintura francesa  |9 266122 
650 0 |a Cubismo  |9 265275 
650 0 |a Vida y obra  |9 311871 
583 |a last modification  |c 20150514 13:01:00  |k Rodrigo Vera 
999 |c 359098  |d 359096 
952 |0 0  |1 0  |3 erd  |4 0  |6 759_400000000000000_FER_1995  |7 0  |8 R  |9 468128  |a BIBART  |b BIBART  |i 5149223  |o 759.4 FER 1995  |p 5149223  |r 2025-03-13  |w 2019-11-23  |y BK_R  |z Catalogado en:20150514  |k ART